| 000 | 00521nam a2200181Ia 4500 | ||
|---|---|---|---|
| 003 | IN-BaIIA | ||
| 008 | 211028s9999 xx 000 0 eng d | ||
| 040 | _cIIA Library | ||
| 080 |
_a519.682 _bBLO |
||
| 100 |
_aBloom, Fric P. _917899 |
||
| 245 | 0 |
_aCobol the language of business _cBloom, Fric P |
|
| 260 |
_aDelhi _bBPB Publications _c1985 |
||
| 300 | _aviii,198p | ||
| 650 |
_aCobol _911647 |
||
| 650 | _aComputer Programming | ||
| 650 | _aNASA Thesaurus | ||
| 942 | _cBK | ||
| 999 |
_c10527 _d10527 |
||